LEADER 01873nam a2200349 i 4500 001 000000213808 003 CaOOAMICUS 005 20250723091733.0 008 120607s2012 it a 000 u mul r 020 $a978-88-7870-642-2 040 $aSeMil$bita 245 00$aMediolanum: 'terra di mezzo' anche tra Est e Ovest :$bla terra ambrosiana come luogo di passaggio e d'incontro con il mondo slavo /$ca cura di Roland Marti e Giorgio Ziffer. 264 1$aMilano :$bBiblioteca Ambrosiana ;$aRoma :$bBulzoni,$c2012. 300 $aXI, 282 p. :$bill. ;$c24 cm. 490 1 $aSlavica Ambrosiana ;$v3 490 1 $aAccademia Ambrosiana. Classe di slavistica 546 $aTesti in italiano e inglese 650 4$aCiviltà slava.$0(OLS)http://semarc/subject/58303 650 4$aMilano (Arcidiocesi) - Cultura - Influssi slavi.$0(OLS)http://semarc/subject/58302 700 1 $aMarti, Roland Walter.$0(OLS)http://semarc/name/76146 700 1 $aZiffer, Giorgio.$0(OLS)http://semarc/name/76147 710 2 $aBiblioteca Ambrosiana : Accademia Ambrosiana.$0(OLS)http://semarc/name/87942 830 0$aSlavica Ambrosiana ;$v3.$0(OLS)http://semarc/title/36343 830 0$aAccademia ambrosiana. Classe di slavistica.$0(OLS)http://semarc/title/454017 850 $aSeMil 852 $aSeMil$W1$xVenegono$y1$m3TA U 3$j260131$B164236$CSeMilBibl$Z2$F177153 $81 961 $aOmaggio: Biblioteca Ambrosiana 996 $6020$a978-88-7870-642-2$9(OLS)http://semarc/number/209873 996 $6245$aMediolanum: 'terra di mezzo' anche tra Est e Ovest :$bla terra ambrosiana come luogo di passaggio e d'incontro con il mondo slavo$9(OLS)http://semarc/title/308186 996 $6264$aMilano :$bBiblioteca Ambrosiana$9(OLS)http://semarc/publisher/29741 996 $6264$aRoma :$bBulzoni$9(OLS)http://semarc/publisher/30302 LEADER 00559naa a2200145 i 4500 001 000000302485 003 CaOOAMICUS 005 20180831172742.0 008 180831n xx u000 u und u 013 $a10219 040 $aSeMil$bita 100 1 $aPicone, Giuseppe.$0(OLS)http://semarc/name/86830 245 14$aGli studi linguistici di Wilhelm Schmidt. 773 0 $tWilhelm Schmidt.$dBologna : EDB, copyr. 1989.$kScienze religiose / Istituto trentino di cultura$z88-10-40364-9$w()36291 996 $6245$aGli studi linguistici di Wilhelm Schmidt$9(OLS)http://semarc/title/378464